| 000 | 00911nmm a2200265 a 4500 | ||
|---|---|---|---|
| 001 | ocm0001221542 | ||
| 003 | TR-IsHL | ||
| 005 | 20201028155147.0 | ||
| 008 | 110704s2005 tu tur | ||
| 007 | cr cn | ||
| 035 |
_a1221542 _b(N$T) |
||
| 050 | 0 | 4 |
_aHF5429.6.T9 _bB89 2005 |
| 090 | 0 | 4 |
_aHF5429.6.T9 _bB89 2005 |
| 245 | 1 | 0 |
_aBüyük mağazalar ile üretici ve toptancı ilişkileri _h[electronic resource] |
| 260 |
_aİstanbul : _bİstanbul Ticaret Odası, _c2005 |
||
| 300 | _a92 p. | ||
| 650 | 4 | _aEkonomi ve Finans | |
| 650 | 4 | _aEconomics and Finance | |
| 650 | 0 |
_aPerakende ticaret _x Türkiye |
|
| 650 | 0 |
_aRetail trade _x Turkey |
|
| 650 | 0 |
_aAlışveriş merkezleri _x Yönetim |
|
| 650 | 0 |
_aShopping centers _x Management |
|
| 650 | 7 |
_aBUSINESS & ECONOMICS / General _2bisacsh |
|
| 856 | 4 | 0 | _uhttp://search.ebscohost.com/login.aspx?direct=true&scope=site&db=e011xww&AN=1221542 |
| 999 |
_c12945 _d12945 |
||